Analisis kesilapan penggunaan pelaku bahasa Arab dalam karangan pelajar Melayu /
Saved in:
| 主要作者: | |
|---|---|
| 格式: | Thesis 圖書 |
| 語言: | Malay |
| 出版: |
1999.
|
| 主題: | |
| 標簽: |
添加標簽
沒有標簽, 成為第一個標記此記錄!
|
| LEADER | 01190cam a2200277 a 4500 | ||
|---|---|---|---|
| 001 | u461877 | ||
| 003 | SIRSI | ||
| 008 | 980721s1999 my v 00 1 may m | ||
| 035 | |a ACK-6312 | ||
| 040 | |a UMM |d UMB | ||
| 090 | |a PB12 |b UM 1999 Nooai | ||
| 093 | |a PB12 |b UM 1999 Nooai | ||
| 100 | 0 | 0 | |a Noor Azizi Ismail. |
| 245 | 1 | 0 | |a Analisis kesilapan penggunaan pelaku bahasa Arab dalam karangan pelajar Melayu / |c Noor Azizi bin Ismail. |
| 260 | |c 1999. | ||
| 300 | |a xv, 126 leaves : |b ill. ; |c 30 cm. | ||
| 502 | |a Dissertation (M.M.L.S.)-Fakulti Bahasa dan Linguistik, Universiti Malaya, 1999. | ||
| 504 | |a Bibliography : leaves 109-114. | ||
| 650 | 0 | |a Arabic language |x Errors of usage. | |
| 650 | 0 | |a Arabic language |x Grammar. | |
| 710 | 2 | 0 | |a Universiti Malaya. |b Fakulti Bahasa dan Linguistik. |
| 948 | |a 29/05/2000 |b 23/01/2003 | ||
| 596 | |a 1 6 | ||
| 999 | |a PB12 UM 1999 NOOAI |w LC |c 1 |i A510141803 |d 13/8/2008 |e 13/8/2008 |l STACKS |m P01UTAMA |n 4 |r Y |s Y |t TESIS |u 5/2/2001 | ||
| 999 | |a PB12 UM 1999 NOOAI |w LC |c 2 |i A509545826 |d 19/2/2016 |e 19/2/2016 |l STACKS |m P01UTAMA |n 11 |r Y |s Y |t TESIS |u 22/3/2001 | ||
| 999 | |a PB12 UM 1999 NOOAI |w LC |c 1 |i A503729880 |d 24/3/2011 |e 24/3/2011 |l STACKS |m P06BAHASA |n 1 |r Y |s Y |t TESIS |u 9/4/2001 | ||
